00582nam a2200157Ia 450000500170000000800410001708200130005810000200007124500240009126000520011530000130016750001280018094200060030895200950031499900150040920241008040852.0240331s9999 xx 000 0 und d bGOOa820 aGoonewardene, J 4aThe tribal hangover aNew DelhibPenguin Books India ( Pvt) Ltdc1995 a241 p ., aThe Tribal Hangover is the story of Harindra d' Richter and of his attempt at unravelling the mystery surrounding his birth cL 001040708LaWERCLbWERCLcSSCd2024-03-31l0o 820 GOOp5100r2024-03-31w2024-03-31yL c3170d3170